MARC

LEADER 00000nam2a2200000 4500
001 32795
005 20231030205344.0
035 |a (RuTPU)RU\TPU\book\33097 
035 |a BOOK00001186 
090 |a 32795 
100 |a 20011210d1972 k y0rusy50 ca 
101 1 |a rus  |c eng 
102 |a RU 
105 |a а z 001zy 
200 0 |a Т. 1 
210 |a Москва  |c Мир  |d 1972 
215 |a 335 с.  |c ил. 
320 |a Библиогр: с. 330-332. 
461 1 |0 (RuTPU)RU\TPU\book\35900  |t Основы исследования операций  |o Пер. с англ.  |o В 3 т.  |f Г. Вагнер  |v Т. 1  |d 1972- 
610 1 |a математика 
610 1 |a исследование операций 
610 1 |a организационное управление 
610 1 |a оптимизационные модели 
610 1 |a построение 
610 1 |a симплексный метод 
610 1 |a анализ 
610 1 |a двойственная задача 
610 1 |a оптимизация на сетях 
610 1 |a сетевые задачи 
610 1 |a решения 
675 |a 519.8  |v 3 
801 0 |a RU  |b 63413507  |c 20011210  |g PSBO 
801 2 |a RU  |b 63413507  |c 20140211  |g PSBO 
942 |c BK